Martin Luther King: martir de los derechos del hombre

Kaydedildi:
Detaylı Bibliyografya
Yazar: Bosco, Teresio (Yazar)
Materyal Türü: Kitap
Dil:İspanyolca
Baskı/Yayın Bilgisi: Santiago Salesiana 1994
Edisyon:5a. ed
Seri Bilgileri:Héroes de nuestro tiempo, 2
Konular:
Etiketler: Etiketle
Etiket eklenmemiş, İlk siz ekleyin!

MARC

LEADER 00000nam a2200000 a 4500
001 UCS8478
003 CL-VaPUC
008 971031e19940000CL |||||||||||||||||spa|d
082 0 4 |a 327.172  |b BOS  |2 21 
100 0 |a Bosco, Teresio  |e author  |9 393333 
245 1 0 |a Martin Luther King: martir de los derechos del hombre 
250 |a 5a. ed 
300 |a 34 p 
942 |c BK 
945 |d 19971031 00:00:00  |a aalvarez 
260 |a Santiago  |b Salesiana  |c 1994 
600 0 |a King, Martin Luther  |d 1929-1968  |9 393334 
650 0 |a No violencia  |9 348775 
583 |a last modification  |c 19971031 00:00:00  |k Rodrigo Vera 
490 0 |a Héroes de nuestro tiempo, 2 
999 |c 262873  |d 262871 
952 |0 0  |1 2  |4 0  |6 327_172000000000000_BOS_1994  |7 0  |8 A  |9 291794  |a BIBTEO  |b BIBTEO  |d 2019-11-19  |i 2024330  |o 327.172 BOS 1994  |p 2024330  |r 2019-11-19  |w 2019-11-19  |y BK  |k ICR